000 00369nam a2200133 i 4500
001 bg
245 0 _aObróbka cieplna metali.
_nT. 5,
_pObróbka cieplna średnio- i wysokoenergetyczna /
_cC. Kopczyński [et al.]
260 _aWarszawa,
_c1987.
700 1 _aKOPCZYŃSKI, C.
040 _cBPK
041 _apol
942 _cKS
008 s pl f |000 0 pol
999 _c5443
_d5443
856 _uhttp://koha.tu.koszalin.pl/cgi-bin/koha/opac-detail.pl?biblionumber=5443
_yKatalog online BPK